000
00248nam a2200109 a 4500
005
20140414093846.0
008
100218s19uu xx uuu eng d
050
_a
DVD 759.94
_b
REM [n.d.]
245
_a
Rembrandt.
942
_c
AVM
999
_c
109601
_d
109601